000 00586nam a2200181Ia 4500
003 GCL
005 20240530105145.0
008 140319s9999 xx 000 0 ara d
040 _aGCL /
_cGCL
082 0 4 _a810.9
_bح ا
100 1 _aحسين الحاج حسن
245 1 0 _aادب العرب فى صدر الاسلام /
_cحسين الحاج حسن
260 _a[ بيروت] :
_bالمؤسسة الجامعية للدراسات والنشر والتوزيع ،
_c1992
300 _a176 ص
650 0 4 _aالادب العربى
650 0 4 _aالاسلام
942 _2ddc
_cBK
999 _c53617
_d53617